Countries with missing vowels #2 - Statistics

General Stats
  • This quiz has been taken 11 times
  • The average score is 16 of 18
Answer Stats
Hint Answer % Correct
cr_ _t_ _ croatia
100%
f_j_ fiji
100%
g_ _rg_ _ georgia
100%
gr_n_d_ grenada
100%
_r_l_nd ireland
100%
j_m_ _c_ jamaica
100%
t_rkm_n_st_n turkmenistan
100%
_r_g_ _y uruguay
100%
v_ _tn_m vietnam
100%
b_l_v_ _ bolivia
91%
k_s_v_ kosovo
91%
l_s_th_ lesotho
91%
t_g_ togo
91%
_nd_ _ india
82%
l_b_r_ _ liberia
82%
_m_n oman
82%
p_l_ _ palau
73%
_ng_l_ angola
55%
No matching quizzes found
Score Distribution
Percent of People with Each Score
Percentile by Number Answered
Your Score History
You have not taken this quiz